000 01109nac a22003257a 4500
001 BR8001727
003 BR-BrBNA
005 20240105114631.0
008 230509b bl.|||m| |||| 00| 0 por d
040 _aBR-BrBNA
_bpor
_cBiblioteca Nacional de Agricultura
072 _aS10; L30
090 _a6100 BR8001727
100 1 _aDias, P.G. de O.
100 1 _aResende, O. de A.
100 1 _aSantos, M.W. dos
100 1 _aCampos, A.C. de
110 1 _aEmpresa de Pesquisa Agropecuaria do Estado do Rio de Janeiro, Niteroi (Brasil)
245 1 _aBeterraba (Beta vulgaris L.)como fonte de pigmentacao para gema de ovos de galinha [Composicao de alimento; Nutricao animal]
260 3 _aNiteroi, RJ (Brasil):
_cOct 1979.
300 _a3 p.
490 _aComunicado Tecnico - Empresa de Pesquisa Agropecuaria do Estado do Rio de Janeiro (Brazil)
_vno. 29
_x
650 _aComposicao de alimento
650 _aNutricao animal
650 _aGalinha
650 _aOvo
650 _aBeterraba
650 _aPigmentacao
909 _a202312
_bLúcia Elande
_c55
_dLúcia Elande
942 _2AGRIS
_n0
_cMS
999 _c270454
_d270454